Statistics for Old Tech Logos Quiz Crop

Click here to take the quiz!

General Stats

  • This quiz has been taken 18 times
  • The average score is 10 of 12

Answer Stats

Answer% Correct
Apple
100%
Facebook
100%
Samsung
100%
Snapchat
100%
Sony
100%
Xbox
100%
Amazon
93%
Microsoft
93%
Playstation
93%
JetPunk
87%
Dell
67%
Tesla
13%

Score Distribution

Percentile by Number Answered

Percent of People with Each Score

Your Score History

You have not taken this quiz